|
|
|
|
| LEADER |
00714nab a2200181 i 4500 |
| 001 |
misc13046 |
| 005 |
20191106141510.0 |
| 008 |
170607s1980 hu o 0|| hun d |
| 022 |
|
|
|a 0025-0260
|
| 040 |
|
|
|a SZTE Miscellanea Repozitórium
|b hun
|
| 041 |
|
|
|a hun
|
| 100 |
1 |
|
|a Varga Lajos
|
| 245 |
1 |
0 |
|a Magyar szerző didaktikája japánul
|h [elektronikus dokumentum] /
|c Varga Lajos
|
| 260 |
|
|
|c 1980
|
| 300 |
|
|
|a 58-60
|
| 490 |
0 |
|
|a Magyar pedagógia : a Magyar Tudományos Akadémia Pedagógiai Bizottságának folyóirata
|v 80 No. 1
|
| 695 |
|
|
|a Nagy Sándor, Didaktika könyvismertetés japán kiadás, Didaktika, Nagy Sándor
|
| 856 |
4 |
0 |
|u http://misc.bibl.u-szeged.hu/13046/1/mp_1980_001_5465_058-060.pdf
|z Dokumentum-elérés
|